Steal A Brainrot All Traits - Statistics

General Stats
  • This quiz has been taken 110 times
    12 since last reset
  • The average score is 11 of 49
Answer Stats
Multiplier Answer % Correct
x6.5 Skibidi
89%
x7 Meowl
78%
x8 Strawberry
78%
x3 Taco
78%
x6 Fire
56%
x6.5 Granny
44%
x4 Bombardiro
33%
x5 Glitch
33%
x4.5 Matteo
33%
x-2 Sleepy
33%
x6 Brazil
22%
x4 Bubblegum
22%
x5.5 Bunny Ears
22%
x5 Crab
22%
x4 Galactic
22%
x5.5 Mi Gatito
22%
x4.5 RIP
22%
x3 UFO
22%
x4 10 Billion
11%
x6 26
11%
x5 Blue Balloon
11%
x5.5 Chocolate
11%
x3.5 Comet
11%
x5 Concert
11%
x4 Extinct
11%
x6 Firework
11%
x4.5 Green Balloon
11%
x6 Halo
11%
x5 Indonesia
11%
x5.5 Jack O'Lantern
11%
x6 Lightning
11%
x6 Lucky
11%
x5 Mexico
11%
x6 Nyan Cat
11%
x4 Orange Balloon
11%
x6 Paint
11%
x6.5 Pink Balloon
11%
x7.5 Rainbow Balloon
11%
x6 Red Balloon
11%
x6 Reindeer
11%
x6 Rose
11%
x5 Santa Hat
11%
x4 Shark
11%
x3 Snow
11%
x4.5 Spider
11%
x4.75 Tie
11%
x2.5 Wet
11%
x4 Witch Hat
11%
x5 Tung Tung Attack
0%
No matching quizzes found
Score Distribution
Percent of People with Each Score
Percentile by Number Answered
Your Score History
You have not taken this quiz since the last reset